Athanasius Kircher's theatre of the world / (Record no. 27010)
[ view plain ]
| 000 -LEADER | |
|---|---|
| fixed length control field | 01723cam a2200337 i 4500 |
| 001 - CONTROL NUMBER | |
| control field | 016973145 |
| 003 - CONTROL NUMBER IDENTIFIER | |
| control field | EG-ScBUE |
| 005 - DATE AND TIME OF LATEST TRANSACTION | |
| control field | 20240417101913.0 |
| 008 - FIXED-LENGTH DATA ELEMENTS--GENERAL INFORMATION | |
| fixed length control field | 141023s2015 enka f b 001 0 eng d |
| 020 ## - INTERNATIONAL STANDARD BOOK NUMBER | |
| International Standard Book Number | 9780500291740 (paperback) |
| 040 ## - CATALOGING SOURCE | |
| Original cataloging agency | StDuBDS |
| Language of cataloging | eng |
| Description conventions | rda |
| Transcribing agency | StDuBDS |
| Modifying agency | Uk |
| -- | EG-ScBUE |
| 082 04 - DEWEY DECIMAL CLASSIFICATION NUMBER | |
| Classification number | 943.04092 |
| Item number | GOD |
| Edition number | 22 |
| 100 1# - MAIN ENTRY--PERSONAL NAME | |
| Personal name | Godwin, Joscelyn, |
| Relator term | author. |
| 9 (RLIN) | 41944 |
| 245 10 - TITLE STATEMENT | |
| Title | Athanasius Kircher's theatre of the world / |
| Statement of responsibility, etc | Joscelyn Godwin. |
| 250 ## - EDITION STATEMENT | |
| Edition statement | First paperback edition. |
| 264 #1 - PUBLICATION, DISTRIBUTION, ETC. (IMPRINT) | |
| Place of publication, distribution, etc | London : |
| Name of publisher, distributor, etc | Thames & Hudson, |
| Date of publication, distribution, etc | 2015. |
| 300 ## - PHYSICAL DESCRIPTION | |
| Extent | 304 pages : |
| Other physical details | illustrations ; |
| Dimensions | 24 cm |
| 336 ## - CONTENT TYPE | |
| Source | rdacontent |
| Content type term | text |
| Content type code | txt |
| 337 ## - MEDIA TYPE | |
| Media type term | unmediated |
| Source | rdamedia |
| Media type code | n |
| 338 ## - CARRIER TYPE | |
| Carrier type term | volume |
| Carrier type code | nc |
| Source | rdacarrier |
| 500 ## - GENERAL NOTE | |
| General note | Originally published: 2009. |
| 504 ## - BIBLIOGRAPHY, ETC. NOTE | |
| Bibliography, etc | Includes bibliographical references and index. |
| 505 0# - FORMATTED CONTENTS NOTE | |
| Formatted contents note | Prologue: Interesting times --<br/>Kircher's life and work : an overview --<br/>Frontispieces --<br/>The illustration of Kircher's works --<br/>Antiquity misread --<br/>Antiquity preserved --<br/>Antiquity imagined --<br/>Naturalia : fire and water --<br/>Naturalia : air and earth --<br/>Music --<br/>Machines of past and present --<br/>Machines : magnetic and optical --<br/>Maps and plans --<br/>Exotica --<br/>Images of the gods --<br/>Didactic images --<br/>Athanasius Kircher's writings. |
| 520 ## - SUMMARY, ETC. | |
| Summary, etc | "A major study of both the written and pictorial work of a neglected genius whose breadth of interest made him the last Renaissance man." |
| 600 17 - SUBJECT ADDED ENTRY--PERSONAL NAME | |
| Personal name | Kircher, Athanasius, |
| Dates associated with a name | 1602-1680 |
| General subdivision | Criticism and interpretation. |
| Source of heading or term | BUEsh |
| 650 #7 - SUBJECT ADDED ENTRY--TOPICAL TERM | |
| Topical term or geographic name as entry element | Illustration of books |
| Geographic subdivision | Germany |
| Chronological subdivision | 17th century. |
| Source of heading or term | BUEsh |
| 651 #7 - SUBJECT ADDED ENTRY--GEOGRAPHIC NAME | |
| Geographic name | Germany |
| General subdivision | Intellectual life |
| Chronological subdivision | 17th century. |
| Source of heading or term | BUEsh |
| 653 ## - INDEX TERM--UNCONTROLLED | |
| Resource For college | Humanities: English |
| 655 ## - INDEX TERM--GENRE/FORM | |
| Form subdivision | Reading book |
| 942 ## - ADDED ENTRY ELEMENTS (KOHA) | |
| Source of classification or shelving scheme | Dewey Decimal Classification |
| Koha item type | Book - Borrowing |
| Withdrawn status | Lost status | Source of classification or shelving scheme | Damaged status | Not for loan | Collection code | Home library | Current library | Shelving location | Date acquired | Source of acquisition | Cost, normal purchase price | Total Checkouts | Full call number | Barcode | Date last seen | Koha item type |
|---|---|---|---|---|---|---|---|---|---|---|---|---|---|---|---|---|
| Dewey Decimal Classification | Baccah | Central Library | Central Library | Second Floor | 18/11/2018 | Purchase | 580.00 | 943.04092 GOD | 000043980 | 15/07/2025 | Book - Borrowing |